000
00471nam a2200181Ia 4500
008
100917s9999 xx 000 0 und d
082
_b
30588
100
_a
कुलकर्णी वि. य.
245
_a
भाऊ
260
_b
इंद्रायणी प्रकाशन
_c
1977
300
_a
122
365
_b
8
520
_a
कादंबरी
630
_a
भाऊ
650
_a
कादंबरी
730
_a
भाऊ
942
_c
BOOK
999
_c
635982
_d
635979